Modern Techniques For Characterizing Magnetic Materials (Record no. 562861)
[ view plain ]
| 000 -LEADER | |
|---|---|
| fixed length control field | 00466nam a2200145Ia 4500 |
| 008 - FIXED-LENGTH DATA ELEMENTS--GENERAL INFORMATION | |
| fixed length control field | 210430s9999 xx 000 0 und d |
| 020 ## - INTERNATIONAL STANDARD BOOK NUMBER | |
| International Standard Book Number | 0-387-23395-4 |
| 082 ## - DEWEY DECIMAL CLASSIFICATION NUMBER | |
| Classification number | 538.4 M6891 M |
| 100 ## - MAIN ENTRY--PERSONAL NAME | |
| Personal name | YIMEI ZHU |
| 9 (RLIN) | 125868 |
| 245 ## - TITLE STATEMENT | |
| Title | Modern Techniques For Characterizing Magnetic Materials |
| Statement of responsibility, etc. | Springer |
| 260 ## - PUBLICATION, DISTRIBUTION, ETC. | |
| Place of publication, distribution, etc. | USA |
| Name of publisher, distributor, etc. | Kluwer Academic |
| Date of publication, distribution, etc. | 2005 |
| 300 ## - PHYSICAL DESCRIPTION | |
| Extent | 600p |
| 856 ## - ELECTRONIC LOCATION AND ACCESS | |
| Uniform Resource Identifier | <a href="http://10.250.8.41:8080/xmlui/handle/123456789/46562">http://10.250.8.41:8080/xmlui/handle/123456789/46562</a> |
| Link text | For E-Book click here |
| 942 ## - ADDED ENTRY ELEMENTS (KOHA) | |
| Koha item type | Book |
| Source of classification or shelving scheme | |
| Withdrawn status | Lost status | Damaged status | Not for loan | Collection code | Permanent Location | Current Location | Shelving location | Date acquired | Total Checkouts | Full call number | Barcode | Date last seen | Price effective from | Koha item type |
|---|---|---|---|---|---|---|---|---|---|---|---|---|---|---|
| School of Chemical & Materials Engineering (SCME) | School of Chemical & Materials Engineering (SCME) | General Stacks | 538.4 M6891 M | SCME-1743 | 04/30/2021 | 04/30/2021 | Book |
